| 000 | 00434nam a22001577a 4500 | ||
|---|---|---|---|
| 005 | 20240109145149.0 | ||
| 008 | 190604b xxu||||| |||| 00| 0 eng d | ||
| 020 | _a978-81-906396-9-9 | ||
| 041 | _aeng | ||
| 100 |
_aAGARKAR, P.H. ,KULKARNI,DR. J.S.,MAHESHWARI,DR. V.L. AND FURSULE,DR. R.A. _98357 |
||
| 245 | _aPRACTICAL BIOCHEMISTRY | ||
| 250 | _a6TH ED. 2019 | ||
| 260 |
_aPUNE _bNIRALI PRAKASHAN |
||
| 300 | _aA.6p, | ||
| 942 | _cBK | ||
| 999 |
_c5944 _d5942 |
||